| 000 | 00839nam a22002177a 4500 | ||
|---|---|---|---|
| 999 |
_c10989 _d10989 |
||
| 003 | AR-CdUCM | ||
| 008 | 190402b ||||| |||| 00| 0 spa d | ||
| 040 |
_aMUNICIPALIDAD PROVINCIAL DEL CUSCO _cBIBLIOTECA MUNICIPAL DEL CUSCO |
||
| 082 |
_a230 / _bR74 / 1951 |
||
| 100 |
_aRodríguez de Mendoza,Toribio _928090 |
||
| 245 | _aLugares teológicos / | ||
| 260 |
_aLima : _bScheuch, _c1951. |
||
| 300 |
_a374 paginas ; _c22 cm. |
||
| 505 | _aContenido : Presentación de la obra -- Las ideas teológicas de Rodriguez de Mendoza -- Resumen del libro primero distribuido en capítulos y proposiciones -- De los preámbulos y lugares de la teología ... | ||
| 650 |
_aTeología _928091 |
||
| 650 |
_aEstudios _919800 |
||
| 650 |
_aUniversidad _91570 |
||
| 700 |
_aEguiguren, Luis Antonio _925821 |
||
| 942 |
_2ddc _cLIBROS |
||
| 945 | _arah | ||